000 00438nam a2200133 4500
008 151002b xxu||||| |||| 00| 0 eng d
020 _a9780321531988
050 _aQA 20 .C34 2009
100 _aPenna, Judith.
_d2009.
245 _aGraphing calculator manual/
_cJudith A. Penna:
260 _aBoston;
_bPearson Addison Wesley,
_c2009.
300 _a145[10] p. : ill.
_bIncludes index.
942 _2lcc
_cBOOKS
_hQA 20 .C34 2009
999 _c7114
_d7114